000 00499nam a2200169Ia 4500
999 _c26657
_d26657
003 OSt
005 20201231114631.0
008 190216s9999||||xx |||||||||||||| ||und||
040 _coclc
082 _a494.81282421
_bSUN/M
100 _aSundaresan, V
_98007
245 0 _aMalayala Rachana /
_cV Sundaresan
260 _bPrabhath Book House,
_aThiruvananthapuram:
_c1989.
300 _a97p
650 _aSahithyam
942 _cBK
_2ddc
_h494.81282421
_iSUN/M
_k494.81282421
_mSUN/M